000 00965nam a22003137a 4500
001 000377
003 DO-SdBNP
005 20240828123515.0
007 000377
008 160707b2018 mx 00| 0 spa d
020 _a9686071658456
040 _aBPMSU
_bspa
_cBPMSU
082 4 _aM863.6
_bC538m 2018
_222
100 1 _aChimal, Carlos
_d1954-
245 1 3 _aEl mercurio volante /
_cCarlos Chimal.
250 _a
260 _aMéxico :
_b Fondo de Cultura Económica,
_c2018
_g
300 _a321 p. ;
_b23 cm.
490 0 _aLetras mexicanas
_a
500 _a Incluye datos biográficos del autor en la solapa de la cubierta
590 _aInventariado, 2024/VM
_6
650 4 _aNovela mexicana.
650 4 _aEmociones
_vNovela.
651 4 _aEspaña
_xHistoria
_vNovela.
651 4 _aMéxico
_xPolítica y gobierno
_vNovela.
710 2 _aFondo de Cultura Económica (México)
910 _aVMateo V. Control de calidad. BPMSU
942 _2ddc
_cBK
999 _c14784
_d14784